| 000 | 01294cam a22002054a 4500 | ||
|---|---|---|---|
| 005 | 20250605163938.0 | ||
| 008 | 250528s ||||||||||||||||||||||||d | ||
| 035 | _a14926 | ||
| 020 | _a1861521537 | ||
| 040 |
_aGR-AtMCL _bgre _dGR-AtMCL _eAACR2 |
||
| 245 | 1 | _aFoundations of Business Accounting / Second Edition | |
| 250 | _a2nd | ||
| 260 |
_bInternational Thomson Business Press, _c1997 |
||
| 300 | _a588 | ||
| 520 | _aThis book offers unrivalled coverage for students taking a first course in accounting. Preface, Abbreviations, The Accounting Environment, The Basis of Financial Statements, The Basic Double-Entry System, Stock and Credit, The Basic Framework of the Books, End of Period Adjustments, Sundry Book-Keeping Procedures, The Accounts of a Manufacturer, Incomplete Records, Limited Companies: Capital and Reserves, Cash Flow Statements, Limited Companies: Accounting Regulations, Financial Statements Analysis, Partnerships: Introduction, Partnerships: Changes in Ownership, Organizations not Trading for Profit, Sectional Activity, Groups of Companies: An Introduction, Specialized Accounting Standards, Ethics and Creative Accounting, Suggested Answers to Self-Assessment Questions, Index. | ||
| 700 | 1 |
_aDodge Roy _9732 |
|
| 942 | _cBK | ||
| 999 |
_c536 _d536 |
||